Microeconomic theory: a mathematical approach (Record no. 40)
[ view plain ]
| 000 -LEADER | |
|---|---|
| fixed length control field | 00461 a2200169 4500 |
| 001 - CONTROL NUMBER | |
| control field | 001553 |
| 003 - CONTROL NUMBER IDENTIFIER | |
| control field | OSt |
| 005 - DATE AND TIME OF LATEST TRANSACTION | |
| control field | 20211102115915.0 |
| 008 - FIXED-LENGTH DATA ELEMENTS--GENERAL INFORMATION | |
| fixed length control field | |
| 082 ## - DEWEY DECIMAL CLASSIFICATION NUMBER | |
| Classification number | 338.5 |
| Item number | H19M |
| 100 1# - MAIN ENTRY--PERSONAL NAME | |
| Personal name | Handerson, James M. |
| 245 1# - TITLE STATEMENT | |
| Title | Microeconomic theory: a mathematical approach |
| Statement of responsibility, etc | by James M. Handerson |
| 260 ## - PUBLICATION, DISTRIBUTION, ETC. (IMPRINT) | |
| Place of publication, distribution, etc | New Delhi |
| Name of publisher, distributor, etc | Tata McGraw Hill |
| 300 ## - PHYSICAL DESCRIPTION | |
| Extent | 431p. |
| 690 ## - LOCAL SUBJECT ADDED ENTRY--TOPICAL TERM (OCLC, RLIN) | |
| Topical term or geographic name as entry element | Economics, Mathematical; Microeconomics |
| 942 ## - ADDED ENTRY ELEMENTS (KOHA) | |
| Source of classification or shelving scheme | Dewey Decimal Classification |
| Koha item type | Books |
| Withdrawn status | Lost status | Source of classification or shelving scheme | Damaged status | Not for loan | Collection code | Home library | Current library | Date acquired | Source of acquisition | Cost, normal purchase price | Full call number | Barcode | Checked out | Date last seen | Price effective from | Koha item type |
|---|---|---|---|---|---|---|---|---|---|---|---|---|---|---|---|---|
| Dewey Decimal Classification | General Text Book | Central University Of Rajasthan | Central University Of Rajasthan | 28/09/2010 | ECO | 325.00 | 338.5 H19M | 1545 | 25/09/2014 | 02/09/2020 | 02/09/2020 | Books |
